Niektoré prístupy k tieňovej ekonomike
Identifikačný prístup k tieňovej ekonomike. Charakteristika tieňovej ekonomiky. Definičné kritérium tieňovosti ekonomickej aktivity. Vymedzenie štruktúry tieňovej ekonomiky. Prístupy ku kvantifikácii tieňovej ekonomiky. Prístupy k zobrazeniu tieňovej ekonomiky v systéme národných účtov Slovenskej re...
Uložené v:
| Hlavný autor: | |
|---|---|
| Médium: | Kapitola |
| Jazyk: | Slovak |
| Predmet: | |
| Tagy: |
Žiadne tagy, Buďte prvý, kto otaguje tento záznam!
|
MARC
| LEADER | 00000nla a2200000 4500 | ||
|---|---|---|---|
| 001 | 0168703 | ||
| 005 | 20221020085507.6 | ||
| 041 | 0 | |a slo | |
| 044 | |a SK | ||
| 245 | 1 | 0 | |a Niektoré prístupy k tieňovej ekonomike |c Daniel Vilhelm |
| 520 | |a Identifikačný prístup k tieňovej ekonomike. Charakteristika tieňovej ekonomiky. Definičné kritérium tieňovosti ekonomickej aktivity. Vymedzenie štruktúry tieňovej ekonomiky. Prístupy ku kvantifikácii tieňovej ekonomiky. Prístupy k zobrazeniu tieňovej ekonomiky v systéme národných účtov Slovenskej republiky. Štruktúra tieňovej (nezaznamenanej) ekonomiky podľa smerníc EÚ. Pilotný projekt Eurostatu na úplné zachytenie nezaznamenanej ekonomiky v národných účtoch a to na základe vymedzenej štruktúry tieňovej ekonomiky ako skrytej ekonomiky v rámci formálneho sektora, skrytej ekonomiky neformálneho sektora a nelegálnej ekonomiky. | ||
| 610 | 2 | 0 | |a ekonomika tieňová |
| 610 | 2 | 0 | |a odhady |
| 610 | 2 | 0 | |a štatistika |
| 610 | 2 | 0 | |a účty národné |
| 100 | 1 | |a Vilhelm, Daniel | |